Šnek je pomalý, ale nikdy nemá zpoždění : meditace k hledání radosti v přítomném okamžiku /
Kniha Šnek je pomalý, ale nikdy nemá zpoždění přináší útěchu a klid. Její autorka, buddhistická mniška Jung-mok, nás učí, jak zpomalit a osvobodit se od stresu, který provází náš život v moderním světě plném shonu. Prostřednictvím příběhů z říše přírody, inspirovaných buddhistickou filozofií se s ná...
Uloženo v:
| Hlavní autor: | |
|---|---|
| Další autoři: | |
| Médium: | Kniha |
| Jazyk: | Czech |
| Vydáno: |
V Brně :
Jota,
2026
|
| Vydání: | Vydání první |
| Témata: | |
| Celkem bylo vypůjčeno: | 0x |
| Tagy: |
Žádné tagy |
| LEADER | 02238nam a2200409 i 4500 | ||
|---|---|---|---|
| 001 | 106711 | ||
| 003 | CZ PrSKC | ||
| 005 | 20260701143949.0 | ||
| 008 | 260624s2026 xr ||| | cze | ||
| 020 | |a 9788076898219 |q (vázáno) : |c Kč 398,00 | ||
| 040 | |a TUG001 |b cze |e rda | ||
| 041 | 1 | |a cze |k eng |h kor | |
| 072 | 7 | |a 821.531 |x Korejská literatura |2 Konspekt |9 25 | |
| 072 | 7 | |a 22/24 |x Náboženství Dálného východu. Indická náboženství. Hinduismus. Buddhismus |2 Konspekt |9 5 | |
| 100 | 1 | |a Jung-mok |4 aut | |
| 245 | 1 | 0 | |a Šnek je pomalý, ale nikdy nemá zpoždění : |b meditace k hledání radosti v přítomném okamžiku / |c Jung-mok ; z anglického překladu The snail is slow but never late ... přeložila Alena Švomová |
| 250 | |a Vydání první | ||
| 264 | 1 | |a V Brně : |b Jota, |c 2026 | |
| 300 | |a 253 stran : |b ilustrace ; |c 17 cm | ||
| 336 | |a text |b txt |2 rdacontent | ||
| 337 | |a bez média |b n |2 rdamedia | ||
| 338 | |a svazek |b nc |2 rdacarrier | ||
| 500 | |a Přeloženo z anglického překladu korejského originálu | ||
| 520 | |a Kniha Šnek je pomalý, ale nikdy nemá zpoždění přináší útěchu a klid. Její autorka, buddhistická mniška Jung-mok, nás učí, jak zpomalit a osvobodit se od stresu, který provází náš život v moderním světě plném shonu. Prostřednictvím příběhů z říše přírody, inspirovaných buddhistickou filozofií se s námi Jung-mok podělí o svou laskavou moudrost a nabídne jednoduchá cvičení, jež nám pomohou žít šťastněji. | ||
| 650 | 0 | 7 | |a buddhismus |7 ph114205 |2 czenas |
| 650 | 0 | 7 | |a životní harmonie |7 ph138147 |2 czenas |9 1510 |
| 650 | 0 | 7 | |a hodnotová orientace |7 ph117202 |2 czenas |9 1436 |
| 650 | 0 | 7 | |a životní moudrost |7 ph128026 |2 czenas |9 2122 |
| 650 | 0 | 7 | |a meditace |7 ph115255 |2 czenas |
| 655 | 7 | |a úvahy |7 fd134000 |2 czenas |9 139 | |
| 700 | 1 | |a Švomová, Alena |7 xx0068494 |4 trl |9 110662 | |
| 710 | 2 | |a Nakladatelství Jota |7 kn20120920011 |4 pbl |9 117217 | |
| 765 | 1 | 8 | |i Název anglického překladu: |t Snail is slow but never late |
| 910 | |a UOG502 | ||
| 942 | |2 ddc |c KN | ||
| 999 | |d 106711 | ||
| 993 | |0 0 |1 421180107439 |2 ddc |4 0 |6 316_000000000000000 |7 0 |9 100217 |b 0 |c 107439 |d 2026-07-01 |e 0 |f DOSP |g 316 |h 398.00 |i Koupě |l DOSP |r 2026-07-02 |t 5 |w 2026-07-01 |y KN |z NAUCNA |n | ||